| 000 | 00496nam a2200181 4500 | ||
|---|---|---|---|
| 001 | 132346 | ||
| 003 | ES-MaACL | ||
| 005 | 20240531062943.0 | ||
| 007 | t| | ||
| 008 | 070214s1971 sp r ||||1| spa d | ||
| 100 | 1 |
_aRomero Pérez, Luis, _d1916-2009 _999338 |
|
| 245 | 1 | 3 |
_aLa noche buena / _cLuis Romero. |
| 250 | _a1ª ed. | ||
| 260 |
_aBarcelona : _bPlaza & Janés, _c1971. |
||
| 300 |
_a268 p. ; _c20 cm. |
||
| 852 |
_aES-MaACL _jC-40138 _bR.77495 |
||
| 999 |
_c132346 _d132346 |
||